[Event "XVI Weekend A"]
[Site "Nichelino ITA"]
[Date "2015.10.02"]
[Round "1"]
[White "D'Ingiullo, Roberto"]
[Black "Buffa, Sabarino Pietro"]
[WhiteElo "2071"]
[BlackElo "1778"]
[Result "1-0"]
[PlyCount "79"]
[EventDate "2015.10.02"]

1. e4 d6 2. Nc3 Nf6 3. g3 g6 4. Bg2 Bg7 5. Nge2 O-O 6. O-O Nbd7 7. h3 Rb8 8. d4
b5 9. Be3 b4 10. Nb1 Bb7 11. Nd2 a5 12. c3 c5 13. g4 bxc3 14. bxc3 Ba6 15. Re1
Rb2 16. Ng3 Qb6 17. Nf3 Rb8 18. g5 Ne8 19. Bc1 Rb5 20. Bf1 Nc7 21. Bxb5 Nxb5
22. Rb1 Qa7 23. Bd2 Rc8 24. a4 Na3 25. Rc1 Nc4 26. Rb1 Ndb6 27. Bf4 Na3 28. Ra1
Nbc4 29. Bc1 cxd4 30. cxd4 Nc2 31. Qxc2 Na3 32. Qd1 Nc2 33. Be3 Qd7 34. Ra2
Nxe1 35. Nxe1 Qxh3 36. Rb2 Rc3 37. Rb8+ Bf8 38. Qd2 Ra3 39. d5 Rxa4 40. Qc3 1-0

[Event "XVI Weekend A"]
[Site "Nichelino ITA"]
[Date "2015.10.02"]
[Round "1"]
[White "Forno, Roberto"]
[Black "Gromovs, Sergejs"]
[WhiteElo "1921"]
[BlackElo "2196"]
[Result "0-1"]
[PlyCount "124"]
[EventDate "2015.10.02"]

1. d4 d5 2. Nf3 Bf5 3. c4 e6 4. e3 c6 5. Nc3 Nf6 6. Be2 Bd6 7. O-O h6 8. b3 O-O
9. Bb2 Nbd7 10. h3 Qe7 11. Qd2 Rad8 12. Rad1 Rfe8 13. Qc1 a6 14. Nd2 e5 15.
cxd5 cxd5 16. dxe5 Nxe5 17. Nf3 Nxf3+ 18. Bxf3 Qe5 19. Rfe1 Qh2+ 20. Kf1 d4 21.
Rxd4 Be5 22. Rxd8 Rxd8 23. e4 Bf4 24. Re3 Qh1+ 25. Ke2 Qxc1 26. Bxc1 Bxe3 27.
Bxe3 Be6 28. Bb6 Rc8 29. Kd3 Nd7 30. Bd4 f6 31. Ke3 Ne5 32. Be2 Kf7 33. f4 Nc6
34. Bb6 f5 35. exf5 Bxf5 36. g4 Nb4 37. Kd4 Nc2+ 38. Ke5 Rxc3 39. Kxf5 Rc6 40.
Bc4+ Ke7 41. Bf2 Nb4 42. a4 b6 43. h4 a5 44. h5 Rd6 45. g5 Nc2 46. Ke5 Nb4 47.
g6 Nc6+ 48. Ke4 Nd8 49. f5 Nb7 50. Bh4+ Kf8 51. Ke5 Rc6 52. f6 Nc5 53. fxg7+
Kxg7 54. Bd5 Nd7+ 55. Kd4 Rc2 56. Be6 Nf6 57. Bf5 Rc5 58. Bd3 Rxh5 59. Bg3 Rd5+
60. Kc4 h5 61. Bf2 Rd6 62. Bf5 Rd5 0-1

[Event "XVI Weekend A"]
[Site "Nichelino ITA"]
[Date "2015.10.02"]
[Round "1"]
[White "Gilevych, Artem"]
[Black "D'Agostino, Maurizio"]
[WhiteElo "2410"]
[BlackElo "1967"]
[Result "0-1"]
[PlyCount "65"]
[EventDate "2015.10.02"]

1. d4 e6 2. c4 d5 3. Nc3 c5 4. cxd5 cxd4 5. Qxd4 Nc6 6. Qd1 exd5 7. Nf3 d4 8.
Nb1 Bb4+ 9. Bd2 Bc5 10. g3 Nge7 11. Bg2 Qb6 12. b3 O-O 13. O-O f6 14. Bc1 Be6
15. Bb2 Rfd8 16. Nbd2 Ng6 17. Rc1 Nce5 18. Ne4 Nxf3+ 19. exf3 Bf8 20. f4 Qa5
21. a3 Qb6 22. Nd2 Rac8 23. Qf3 Qa5 24. b4 Bxb4 25. axb4 Qxb4 26. Rxc8 Rxc8 27.
Qe4 Nf8 28. Qxd4 Qb5 29. Ne4 Qb3 30. Nxf6+ gxf6 31. Qxf6 Rc7 32. Qh8+ Kf7 33.
Qg7+ 0-1

[Event "XVI Weekend A"]
[Site "Nichelino ITA"]
[Date "2015.10.02"]
[Round "1"]
[White "Guarneri, Giuseppe"]
[Black "Brugo, Marco"]
[WhiteElo "1831"]
[BlackElo "2111"]
[Result "0-1"]
[PlyCount "82"]
[EventDate "2015.10.02"]

1. e4 e6 2. d4 d5 3. Be3 dxe4 4. Nd2 Nf6 5. f3 exf3 6. Ngxf3 Nbd7 7. Bd3 c5 8.
c3 Qc7 9. O-O Bd6 10. Nc4 b6 11. Nxd6+ Qxd6 12. Ng5 Bb7 13. Bf4 Qe7 14. Qe2 h6
15. Nf3 O-O 16. Rae1 cxd4 17. cxd4 Nd5 18. Bc1 Nb4 19. Bc4 Bd5 20. a3 Rac8 21.
Bb5 Nc6 22. Ba6 Rcd8 23. Qf2 Bxf3 24. gxf3 Nf6 25. Rd1 Nd5 26. Qg3 Qf6 27. Qg4
Nce7 28. Bd3 Nf5 29. Kh1 Nde3 30. Bxe3 Nxe3 31. Qe4 Nf5 32. Rg1 Rxd4 33. Qe2
Rfd8 34. Bxf5 Qxf5 35. Qg2 g6 36. Qe2 Qf4 37. Rxd4 Rxd4 38. Rd1 e5 39. Kg2 h5
40. Rxd4 exd4 41. Qe8+ Kg7 0-1

[Event "XVI Weekend A"]
[Site "Nichelino ITA"]
[Date "2015.10.02"]
[Round "1"]
[White "Lattanzio, Savino"]
[Black "Manco, David Jonatan"]
[WhiteElo "2193"]
[BlackElo "1892"]
[Result "1-0"]
[PlyCount "51"]
[EventDate "2015.10.02"]

1. d4 d5 2. e3 Nf6 3. Bd3 e6 4. Nd2 c5 5. c3 Nc6 6. Ngf3 Bd6 7. O-O e5 8. e4
O-O 9. exd5 Nxd5 10. dxe5 Nxe5 11. Nxe5 Bxe5 12. Bxh7+ Kxh7 13. Qh5+ Kg8 14.
Qxe5 Re8 15. Qg3 b6 16. Nf3 Ba6 17. Re1 Rxe1+ 18. Nxe1 Qe8 19. Bh6 g6 20. Nf3
Nf6 21. Re1 Qc6 22. h3 Bb7 23. Re7 Re8 24. Qe5 Rd8 25. Rc7 Rd1+ 26. Kh2 1-0

[Event "XVI Weekend A"]
[Site "Nichelino ITA"]
[Date "2015.10.02"]
[Round "1"]
[White "Lieggi, Daniele"]
[Black "Finocchiaro, Gianluca"]
[WhiteElo "1778"]
[BlackElo "2038"]
[Result "0-1"]
[PlyCount "47"]
[EventDate "2015.10.02"]

1. e4 d6 2. d4 Nf6 3. Nc3 c6 4. Be2 Qa5 5. Bd2 e5 6. dxe5 dxe5 7. Nd5 Qd8 8.
Nxf6+ Qxf6 9. Nf3 h5 10. O-O Bg4 11. Bc3 Nd7 12. Bxe5 Nxe5 13. Nxe5 Be6 14. Ng4
Qg6 15. f3 Bc5+ 16. Kh1 O-O 17. Qe1 Bxg4 18. fxg4 hxg4 19. Bd3 Qg5 20. Qc3 Bb6
21. Rfe1 Rad8 22. Qb3 Kh8 23. Re2 Rd7 24. Bc4 0-1

[Event "XVI Weekend A"]
[Site "Nichelino ITA"]
[Date "2015.10.02"]
[Round "1"]
[White "Llupa, Oltjon"]
[Black "Barcellona, Antonino"]
[WhiteElo "2033"]
[BlackElo "1716"]
[Result "1-0"]
[PlyCount "73"]
[EventDate "2015.10.02"]

1. d4 d5 2. c4 c6 3. cxd5 cxd5 4. Nc3 Nf6 5. Bf4 a6 6. e3 e6 7. Bd3 Nc6 8. Rc1
Bd6 9. Bxd6 Qxd6 10. f4 b5 11. Nf3 Ng4 12. Qe2 f6 13. O-O O-O 14. h3 Nh6 15.
Qc2 Nf5 16. Bxf5 exf5 17. Nxd5 Nxd4 18. Nxf6+ Qxf6 19. exd4 Bb7 20. Qb3+ Kh8
21. Ne5 Rad8 22. Rc7 Bd5 23. Qc3 Qb6 24. Qc5 Qxc5 25. dxc5 Bxa2 26. Ra1 Bc4 27.
Rxa6 Rd1+ 28. Kh2 Bd5 29. Raa7 Rg8 30. Rd7 h6 31. Ng6+ Kh7 32. Nf8+ Kh8 33.
Ng6+ Kh7 34. Ne7 Bb3 35. Rxd1 Bxd1 36. Nxg8 Kxg8 37. c6 1-0

[Event "XVI Weekend A"]
[Site "Nichelino ITA"]
[Date "2015.10.02"]
[Round "1"]
[White "Yao, Stefano"]
[Black "Bergero, Simone"]
[WhiteElo "2207"]
[BlackElo "1933"]
[Result "1-0"]
[PlyCount "23"]
[EventDate "2015.10.02"]

1. d4 d6 2. Nf3 g6 3. e4 Bg7 4. Nc3 Nf6 5. Be2 O-O 6. O-O c5 7. dxc5 dxc5 8.
Be3 Nbd7 9. h3 Ne8 10. Bxc5 b6 11. Bd4 e5 12. Bxe5 1-0

[Event "XVI Weekend A"]
[Site "Nichelino ITA"]
[Date "2015.10.03"]
[Round "2"]
[White "Barcellona, Antonino"]
[Black "Forno, Roberto"]
[WhiteElo "1716"]
[BlackElo "1921"]
[Result "0-1"]
[PlyCount "78"]
[EventDate "2015.10.02"]

1. d4 g6 2. c4 Bg7 3. Nf3 d6 4. e4 Nc6 5. Be2 Nf6 6. Nc3 O-O 7. O-O e5 8. d5
Ne7 9. Ne1 h6 10. f4 exf4 11. Bxf4 g5 12. Bg3 Ng6 13. Nd3 Qe7 14. Nf2 Kh7 15.
Bh5 Ne5 16. Bxe5 dxe5 17. Bg4 Nxg4 18. Nxg4 Qc5+ 19. Kh1 Qxc4 20. Nf6+ Bxf6 21.
Rxf6 Kg7 22. Qf3 Bg4 23. Qf2 Rae8 24. Rf1 Bh5 25. h4 Bg6 26. hxg5 hxg5 27. Qg3
Qd4 28. R1f2 Rh8+ 29. Kg1 Rh5 30. Qf3 Rf8 31. g4 Rh6 32. Kg2 b5 33. a3 a5 34.
Rc6 b4 35. Qf6+ Kh7 36. axb4 axb4 37. Qe7 Rh2+ 38. Kxh2 Qxf2+ 39. Kh3 Rh8 0-1

[Event "XVI Weekend A"]
[Site "Nichelino ITA"]
[Date "2015.10.03"]
[Round "2"]
[White "Bergero, Simone"]
[Black "Guarneri, Giuseppe"]
[WhiteElo "1933"]
[BlackElo "1831"]
[Result "0-1"]
[PlyCount "38"]
[EventDate "2015.10.02"]

1. d4 c5 2. Nf3 d5 3. Bf4 Nc6 4. e3 Bg4 5. Bb5 e6 6. O-O Nf6 7. h3 Bxf3 8. Qxf3
Ne4 9. c4 a6 10. cxd5 exd5 11. Bd3 f5 12. Nc3 cxd4 13. exd4 Nxd4 14. Qe3 Bc5
15. Na4 Ba7 16. Bxe4 fxe4 17. Kh1 O-O 18. Be5 Nf3 19. Qc3 Rc8 0-1

[Event "XVI Weekend A"]
[Site "Nichelino ITA"]
[Date "2015.10.03"]
[Round "2"]
[White "Brugo, Marco"]
[Black "Gilevych, Artem"]
[WhiteElo "2111"]
[BlackElo "2410"]
[Result "0-1"]
[PlyCount "58"]
[EventDate "2015.10.02"]

1. d4 d5 2. c4 dxc4 3. e3 Nf6 4. Bxc4 e6 5. Nf3 c5 6. O-O a6 7. dxc5 Qxd1 8.
Rxd1 Bxc5 9. Be2 Nbd7 10. Nbd2 Ke7 11. a3 b5 12. b4 Bd6 13. Bb2 Bb7 14. Rac1
Rhc8 15. Nb3 Bd5 16. Nfd4 g6 17. Bf3 Ne4 18. Bxe4 Bxe4 19. f3 Bd5 20. e4 Bc4
21. Na5 Ne5 22. Rc3 g5 23. Bc1 f6 24. f4 Nf7 25. Nxc4 bxc4 26. f5 Be5 27. fxe6
Nd6 28. Rh3 Bxd4+ 29. Re3 Bxe3+ 0-1

[Event "XVI Weekend A"]
[Site "Nichelino ITA"]
[Date "2015.10.03"]
[Round "2"]
[White "Buffa, Sabarino Pietro"]
[Black "Alaimo, Cristian"]
[WhiteElo "1778"]
[BlackElo "1938"]
[Result "1/2-1/2"]
[PlyCount "93"]
[EventDate "2015.10.02"]

1. e4 c5 2. c3 d5 3. exd5 Nf6 4. Qb3 Nxd5 5. d4 e6 6. Bb5+ Nc6 7. Nf3 cxd4 8.
cxd4 Bb4+ 9. Nc3 O-O 10. Bxc6 bxc6 11. O-O Rb8 12. Qc2 Ba6 13. Re1 Be7 14. a3
c5 15. Nxd5 Qxd5 16. Re5 Qb3 17. Qxb3 Rxb3 18. dxc5 Bf6 19. Re3 Rd8 20. Nd2 Rb5
21. Re1 Bxb2 22. Bxb2 Rxb2 23. Ne4 Rc8 24. Rab1 Rc2 25. Nd6 R8xc5 26. Rb8+ Bc8
27. Ra8 a6 28. h3 g6 29. Ra1 Kg7 30. Nxc8 Rxc8 31. Rxa6 Rb8 32. Rd6 Rbb2 33.
Rf1 Ra2 34. Rd3 e5 35. g4 f5 36. Kg2 fxg4 37. hxg4 Rc4 38. Kg3 Ra4 39. Rd7+ Kh6
40. f3 R2xa3 41. Kh4 g5+ 42. Kg3 Rf4 43. Rh1+ Kg6 44. Rd6+ Rf6 45. Rh6+ Kxh6
46. Rxf6+ Kg7 47. Rf5 1/2-1/2

[Event "XVI Weekend A"]
[Site "Nichelino ITA"]
[Date "2015.10.03"]
[Round "2"]
[White "D'Agostino, Maurizio"]
[Black "Llupa, Oltjon"]
[WhiteElo "1967"]
[BlackElo "2033"]
[Result "0-1"]
[PlyCount "82"]
[EventDate "2015.10.02"]

1. Nf3 d5 2. c4 e6 3. g3 Nf6 4. Bg2 Be7 5. O-O O-O 6. b3 c5 7. Bb2 Nc6 8. d4
dxc4 9. bxc4 cxd4 10. Nxd4 Nxd4 11. Bxd4 Qc7 12. Nd2 Bd7 13. Qb3 Bc6 14. Nf3 b6
15. a4 Rac8 16. Rfc1 Rfd8 17. Be3 Ng4 18. a5 Nxe3 19. Qxe3 Bc5 20. Qc3 h6 21.
e3 Qb7 22. Ne1 Bxg2 23. Nxg2 Qe4 24. Nf4 Be7 25. Rab1 Bf6 26. Qc2 Qc6 27. axb6
axb6 28. Qb3 Rd6 29. Nh5 Be7 30. Qb2 Bf8 31. Ra1 Qf3 32. Nf4 Rcd8 33. Qe2 Qe4
34. f3 Qe5 35. Ra2 R6d7 36. Rcc2 Rd1+ 37. Kf2 Rh1 38. h4 Rdd1 39. Ng2 Bd6 40.
f4 Qe4 41. Rd2 Rdg1 0-1

[Event "XVI Weekend A"]
[Site "Nichelino ITA"]
[Date "2015.10.03"]
[Round "2"]
[White "De Santis, Alessio"]
[Black "Lattanzio, Savino"]
[WhiteElo "2303"]
[BlackElo "2193"]
[Result "1-0"]
[PlyCount "65"]
[EventDate "2015.10.02"]

1. b3 b6 2. Bb2 Bb7 3. Nf3 e6 4. g3 Nf6 5. Bg2 Be7 6. c4 O-O 7. O-O Na6 8. d3
c5 9. e4 d6 10. Nc3 Nc7 11. Qe2 a6 12. d4 cxd4 13. Nxd4 Ra7 14. Rfe1 Qa8 15. h3
Rd8 16. Kh2 Bf8 17. Rad1 e5 18. Nc2 b5 19. Nd5 Ncxd5 20. cxd5 Bc8 21. f4 Nd7
22. Nb4 Bb7 23. h4 a5 24. Nd3 exf4 25. gxf4 Re8 26. Qg4 Qd8 27. Bd4 Ra6 28. Bf3
Bc8 29. Qg3 f5 30. Rg1 Nf6 31. exf5 Bxf5 32. Qg5 Bg6 33. f5 1-0

[Event "XVI Weekend A"]
[Site "Nichelino ITA"]
[Date "2015.10.03"]
[Round "2"]
[White "Finocchiaro, Gianluca"]
[Black "Yao, Stefano"]
[WhiteElo "2038"]
[BlackElo "2207"]
[Result "1-0"]
[PlyCount "59"]
[EventDate "2015.10.02"]

1. e4 c5 2. c3 g6 3. d4 cxd4 4. Nf3 Bg7 5. cxd4 d5 6. e5 Nc6 7. h3 Nh6 8. Nc3
O-O 9. Bg5 f6 10. exf6 exf6 11. Bxh6 Bxh6 12. Be2 Be6 13. O-O Re8 14. Na4 Bf7
15. Nc5 Re7 16. Re1 Qb6 17. Qa4 Rc8 18. Nb3 a6 19. Bf1 Re4 20. Bd3 Rxe1+ 21.
Rxe1 Be8 22. Nc5 Ne5 23. Qc2 Nxf3+ 24. gxf3 Bf7 25. Re7 Rc7 26. Qe2 Rxe7 27.
Qxe7 Bf8 28. Qxf8+ Kxf8 29. Nd7+ Ke7 30. Nxb6 1-0

[Event "XVI Weekend A"]
[Site "Nichelino ITA"]
[Date "2015.10.03"]
[Round "2"]
[White "Gromovs, Sergejs"]
[Black "D'Ingiullo, Roberto"]
[WhiteElo "2196"]
[BlackElo "2071"]
[Result "1/2-1/2"]
[PlyCount "68"]
[EventDate "2015.10.02"]

1. d4 Nf6 2. c4 Nc6 3. Nf3 e6 4. a3 d6 5. Nc3 Bd7 6. e4 e5 7. h3 exd4 8. Nxd4
Be7 9. Be3 O-O 10. Be2 Re8 11. Qc2 Nxd4 12. Bxd4 a6 13. O-O Rb8 14. f4 c5 15.
Bf2 Bc6 16. Rab1 Qc7 17. Bg3 Nd7 18. Nd5 Bxd5 19. cxd5 Bf6 20. Bg4 Qd8 21. Rfe1
Bd4+ 22. Kh1 Nf6 23. Bf3 Nd7 24. Bf2 f6 25. Bg4 Nf8 26. Be6+ Kh8 27. f5 Qe7 28.
Bxd4 cxd4 29. Qa4 d3 30. Rbd1 Red8 31. Rxd3 Nd7 32. Rc3 Ne5 33. Qc2 Qe8 34. Qe2
Qe7 1/2-1/2

[Event "XVI Weekend A"]
[Site "Nichelino ITA"]
[Date "2015.10.03"]
[Round "2"]
[White "Manco, David Jonatan"]
[Black "Lieggi, Daniele"]
[WhiteElo "1892"]
[BlackElo "1778"]
[Result "1/2-1/2"]
[PlyCount "48"]
[EventDate "2015.10.02"]

1. e4 c5 2. Nc3 Nc6 3. g3 e5 4. Nge2 d6 5. Bg2 Nf6 6. d3 h6 7. O-O Bg4 8. Be3
Qd7 9. Qd2 Bh3 10. f4 Bxg2 11. Kxg2 d5 12. fxe5 Nxe5 13. Rxf6 gxf6 14. Nxd5 Bg7
15. Bxc5 Rd8 16. Nd4 Qg4 17. Rf1 h5 18. Ne3 Qg6 19. Nef5 h4 20. Qb4 hxg3 21.
Qb5+ Nc6 22. Qxb7 Rxh2+ 23. Kg1 Rh1+ 24. Kg2 Rh2+ 1/2-1/2

[Event "XVI Weekend A"]
[Site "Nichelino ITA"]
[Date "2015.10.03"]
[Round "3"]
[White "Alaimo, Cristian"]
[Black "Bergero, Simone"]
[WhiteElo "1938"]
[BlackElo "1933"]
[Result "1/2-1/2"]
[PlyCount "52"]
[EventDate "2015.10.02"]

1. e4 c5 2. Nc3 Nc6 3. g3 d6 4. Bg2 g6 5. f4 Bg7 6. Nf3 e6 7. O-O Nge7 8. d3
O-O 9. Be3 Nd4 10. Qd2 d5 11. Nd1 Nxf3+ 12. Bxf3 d4 13. Bf2 e5 14. g4 exf4 15.
Qxf4 Nc6 16. Bg3 Ne5 17. h3 Nxf3+ 18. Qxf3 Be6 19. Nf2 c4 20. dxc4 Bxc4 21. Nd3
Qb6 22. b3 Bxd3 23. cxd3 Rac8 24. Rac1 Rc3 25. Bf4 Qa6 26. Rcd1 Rc2 1/2-1/2

[Event "XVI Weekend A"]
[Site "Nichelino ITA"]
[Date "2015.10.03"]
[Round "3"]
[White "Barcellona, Antonino"]
[Black "D'Agostino, Maurizio"]
[WhiteElo "1716"]
[BlackElo "1967"]
[Result "0-1"]
[PlyCount "94"]
[EventDate "2015.10.02"]

1. d4 e6 2. c4 f5 3. Nf3 Nf6 4. Nc3 Be7 5. Bg5 Ne4 6. Bxe7 Qxe7 7. Nxe4 fxe4 8.
Nd2 d5 9. e3 O-O 10. Be2 Nd7 11. O-O c6 12. f3 exf3 13. Nxf3 b6 14. Bd3 e5 15.
dxe5 Nxe5 16. cxd5 Bg4 17. Be2 Nxf3+ 18. Bxf3 Qxe3+ 19. Kh1 Bxf3 20. Rxf3 Rxf3
21. Qxf3 Qxf3 22. gxf3 cxd5 23. Rd1 Rd8 24. Kg2 Kf7 25. Kf2 Ke6 26. Ke3 Kd6 27.
Kd4 Rc8 28. Rd2 Rf8 29. Rf2 g6 30. a3 Rf4+ 31. Ke3 Rh4 32. Rg2 d4+ 33. Kf2 Rh5
34. f4 Rh3 35. Ke2 d3+ 36. Kd2 Rf3 37. Rg4 Ke6 38. Rh4 h5 39. f5+ Kxf5 40. Rd4
Rf2+ 41. Kxd3 Rxb2 42. a4 Rxh2 43. Rd7 Rh3+ 44. Kc4 a5 45. Rd6 Rh4+ 46. Kb3
Rb4+ 47. Ka3 g5 0-1

[Event "XVI Weekend A"]
[Site "Nichelino ITA"]
[Date "2015.10.03"]
[Round "3"]
[White "D'Ingiullo, Roberto"]
[Black "Lattanzio, Savino"]
[WhiteElo "2071"]
[BlackElo "2193"]
[Result "1/2-1/2"]
[PlyCount "49"]
[EventDate "2015.10.02"]

1. e4 c6 2. Nf3 d5 3. exd5 cxd5 4. Ne5 Nf6 5. d4 g6 6. Bd3 Nc6 7. c3 Bg7 8. O-O
O-O 9. Qe2 Nxe5 10. dxe5 Nd7 11. Bf4 Nc5 12. Bc2 b6 13. Rd1 Ba6 14. Qe3 e6 15.
Nd2 Qc7 16. Nf3 Bb7 17. Bh6 Bxh6 18. Qxh6 f6 19. Re1 Ne4 20. exf6 Rxf6 21. Re2
Raf8 22. Qe3 Rf4 23. Bxe4 Rxe4 24. Qd2 Ba6 25. Rxe4 1/2-1/2

[Event "XVI Weekend A"]
[Site "Nichelino ITA"]
[Date "2015.10.03"]
[Round "3"]
[White "Forno, Roberto"]
[Black "Brugo, Marco"]
[WhiteElo "1921"]
[BlackElo "2111"]
[Result "0-1"]
[PlyCount "72"]
[EventDate "2015.10.02"]

1. d4 e6 2. Nf3 f5 3. Nbd2 Nf6 4. e3 b6 5. Bd3 Bb7 6. O-O Be7 7. Re1 Ne4 8. Qe2
O-O 9. Ne5 d6 10. Nec4 Nd7 11. f3 Nxd2 12. Bxd2 e5 13. dxe5 d5 14. Na3 Nxe5 15.
Ba6 Qc8 16. Bxb7 Qxb7 17. Bc3 Bf6 18. Rad1 Rae8 19. Nb1 Bh4 20. g3 d4 21. Kg2
dxc3 22. gxh4 cxb2 23. Rd4 c5 24. Rd6 Qe7 25. Red1 Qxh4 26. Nd2 Rd8 27. Re6 Nc4
28. Nb1 Rde8 29. Rxe8 Rxe8 30. Rd3 f4 31. e4 Ne3+ 32. Rxe3 Qg5+ 33. Kf1 fxe3
34. Qb5 Rf8 35. Ke2 Qg2+ 36. Kxe3 Rxf3# 0-1

[Event "XVI Weekend A"]
[Site "Nichelino ITA"]
[Date "2015.10.03"]
[Round "3"]
[White "Gilevych, Artem"]
[Black "Finocchiaro, Gianluca"]
[WhiteElo "2410"]
[BlackElo "2038"]
[Result "1-0"]
[PlyCount "67"]
[EventDate "2015.10.02"]

1. d4 d6 2. Nf3 Bg4 3. c4 c6 4. d5 cxd5 5. cxd5 Nf6 6. Nc3 g6 7. g3 Bxf3 8.
exf3 Bg7 9. Bh3 O-O 10. O-O Qa5 11. Rb1 Na6 12. a3 Nc7 13. b4 Qa6 14. b5 Qa5
15. Qb3 Nd7 16. Bxd7 Qxc3 17. Rd1 Rfd8 18. Bh3 Qxb3 19. Rxb3 e6 20. Bg5 f6 21.
Be3 exd5 22. b6 Na6 23. Be6+ Kh8 24. bxa7 Nc5 25. Bxc5 dxc5 26. Rxb7 d4 27. Bc4
f5 28. f4 Bf8 29. Kf1 d3 30. Rxd3 Rxd3 31. Bxd3 Bd6 32. Bc4 h6 33. Rd7 Bf8 34.
Bd5 1-0

[Event "XVI Weekend A"]
[Site "Nichelino ITA"]
[Date "2015.10.03"]
[Round "3"]
[White "Guarneri, Giuseppe"]
[Black "Manco, David Jonatan"]
[WhiteElo "1831"]
[BlackElo "1892"]
[Result "1/2-1/2"]
[PlyCount "73"]
[EventDate "2015.10.02"]

1. e4 e5 2. Nf3 Nc6 3. Bc4 Be7 4. c3 Nf6 5. Qe2 d6 6. h3 Na5 7. Bb5+ c6 8. Ba4
b5 9. Bc2 O-O 10. d4 Qc7 11. O-O h6 12. Re1 Be6 13. Nbd2 Rab8 14. b3 c5 15. d5
Bd7 16. Nf1 c4 17. b4 Nb7 18. Ng3 a5 19. Rd1 axb4 20. cxb4 Rfc8 21. Nf5 Bf8 22.
Nh2 Nd8 23. Ng4 Nxg4 24. hxg4 f6 25. f4 Nf7 26. g5 fxg5 27. fxg5 Bxf5 28. exf5
Nxg5 29. Be3 Be7 30. a4 Qb7 31. a5 Ra8 32. Qf2 Bf6 33. Ra3 Ra6 34. Bb6 Rf8 35.
Qe2 Qf7 36. Rg3 Re8 37. Be3 1/2-1/2

[Event "XVI Weekend A"]
[Site "Nichelino ITA"]
[Date "2015.10.03"]
[Round "3"]
[White "Lieggi, Daniele"]
[Black "Buffa, Sabarino Pietro"]
[WhiteElo "1778"]
[BlackElo "1778"]
[Result "0-1"]
[PlyCount "46"]
[EventDate "2015.10.02"]

1. e4 d6 2. d4 Nf6 3. Nc3 g6 4. Be2 Bg7 5. Bg5 c6 6. Nf3 b5 7. e5 dxe5 8. dxe5
Qxd1+ 9. Rxd1 Ng4 10. Bf4 Nd7 11. O-O O-O 12. Bg5 Ndxe5 13. Bxe7 Re8 14. Rd8
Rxd8 15. Bxd8 Bf5 16. Bc7 Rc8 17. Bxe5 Nxe5 18. Nd4 Bg4 19. Re1 Bxe2 20. Rxe2
Nc4 21. Nxc6 Rxc6 22. Re8+ Bf8 23. Nxb5 Rb6 0-1

[Event "XVI Weekend A"]
[Site "Nichelino ITA"]
[Date "2015.10.03"]
[Round "3"]
[White "Llupa, Oltjon"]
[Black "De Santis, Alessio"]
[WhiteElo "2033"]
[BlackElo "2303"]
[Result "*"]
[PlyCount "90"]
[EventDate "2015.10.02"]

1. d4 b6 2. c4 Bb7 3. Nc3 e6 4. Nf3 Bb4 5. Qc2 Nf6 6. a3 Bxc3+ 7. Qxc3 d6 8. g3
Nbd7 9. Bg2 a5 10. b3 Ra7 11. O-O Qa8 12. Be3 O-O 13. Rfd1 Re8 14. b4 Ng4 15.
Bd2 Ndf6 16. Be1 Ne4 17. Qb2 a4 18. Bh3 f5 19. Nd2 Ng5 20. Bf1 Re7 21. Qc3 Qe8
22. f3 Nf6 23. Bf2 Ra8 24. h4 Nf7 25. Bh3 Nh6 26. Qe3 e5 27. d5 Bc8 28. Qc3 e4
29. Nf1 f4 30. g4 e3 31. Be1 Nhxg4 32. fxg4 Nxg4 33. Bxg4 Bxg4 34. Ra2 Qg6 35.
Kh2 Bf5 36. Rd4 Qg4 37. Kh1 Rf8 38. Nh2 Qh3 39. Rxf4 Be4+ 40. Rf3 Bxf3+ 41.
exf3 Rxf3 42. Kg1 Rf2 43. Rxf2 exf2+ 44. Kxf2 Qxh2+ 45. Kf3 Qe2+ *

[Event "XVI Weekend A"]
[Site "Nichelino ITA"]
[Date "2015.10.03"]
[Round "3"]
[White "Yao, Stefano"]
[Black "Gromovs, Sergejs"]
[WhiteElo "2207"]
[BlackElo "2196"]
[Result "1/2-1/2"]
[PlyCount "151"]
[EventDate "2015.10.02"]

1. d4 Nf6 2. Nf3 c5 3. d5 e6 4. c4 exd5 5. cxd5 d6 6. Nc3 g6 7. Bf4 a6 8. a4
Bg7 9. e4 O-O 10. Be2 Bg4 11. O-O Nh5 12. Bg5 Qb6 13. Qc1 Nd7 14. a5 Qc7 15. h3
Bxf3 16. Bxf3 Nhf6 17. Qf4 Rfe8 18. Rfe1 h5 19. Qg3 c4 20. Bd1 Nc5 21. Bc2 Nfd7
22. f4 Nb3 23. Bxb3 cxb3 24. e5 dxe5 25. f5 Nc5 26. d6 Qxd6 27. Rad1 Qc6 28.
Nd5 Kh7 29. Ne7 Ne4 30. Qe3 Qc5 31. Qxc5 Nxc5 32. f6 Bf8 33. Rxe5 Ne6 34. Rd7
Nxg5 35. Rxg5 Rad8 36. Rgd5 Rxd7 37. Rxd7 Rb8 38. Kf1 Bh6 39. Rd3 Bg5 40. Rf3
Rd8 41. Rxb3 Rd7 42. Rb6 Bxf6 43. Rxf6 Rxe7 44. Rb6 Kg7 45. b4 g5 46. b5 axb5
47. Rxb5 Kg6 48. Kf2 f6 49. Kf3 Re5 50. Rxb7 Rxa5 51. Rb2 Kf5 52. Kf2 Ra4 53.
Rb5+ Kf4 54. Rb2 Rd4 55. Ra2 h4 56. Rb2 f5 57. Ra2 g4 58. hxg4 Kxg4 59. Ra3
Rd2+ 60. Kg1 Re2 61. Kf1 Rb2 62. Kg1 Rd2 63. Rb3 Rd4 64. Ra3 Kf4 65. Rb3 Re4
66. Rf3+ Kg4 67. Ra3 f4 68. Ra8 Kg5 69. Ra3 Re3 70. Ra8 h3 71. Rg8+ Kf5 72.
Rf8+ Ke4 73. Re8+ Kd3 74. Rd8+ Ke2 75. Rd4 hxg2 76. Rxf4 1/2-1/2

[Event "XVI Weekend A"]
[Site "Nichelino ITA"]
[Date "2015.10.04"]
[Round "4"]
[White "Brugo, Marco"]
[Black "D'Ingiullo, Roberto"]
[WhiteElo "2111"]
[BlackElo "2071"]
[Result "1/2-1/2"]
[PlyCount "26"]
[EventDate "2015.10.02"]

1. d4 Nf6 2. c4 Nc6 3. Nf3 e6 4. a3 d6 5. Nc3 Bd7 6. e4 e5 7. d5 Ne7 8. h3 Ng6
9. Be3 Be7 10. Bd3 O-O 11. g4 c6 12. Qd2 a6 13. Rc1 b5 1/2-1/2

[Event "XVI Weekend A"]
[Site "Nichelino ITA"]
[Date "2015.10.04"]
[Round "4"]
[White "Buffa, Sabarino Pietro"]
[Black "Forno, Roberto"]
[WhiteElo "1778"]
[BlackElo "1921"]
[Result "0-1"]
[PlyCount "86"]
[EventDate "2015.10.02"]

1. e4 g6 2. d4 Bg7 3. Nc3 d6 4. Be3 Nf6 5. f3 Nc6 6. Qd2 h6 7. O-O-O e5 8. Nge2
a6 9. g4 b5 10. Bg2 exd4 11. Nxd4 Ne5 12. g5 Nc4 13. gxf6 Nxd2 14. fxg7 Rg8 15.
Bxd2 Bb7 16. e5 Qh4 17. exd6 O-O-O 18. Ne4 Bxe4 19. fxe4 Rxd6 20. Nf3 Qxe4 21.
Bc3 Rxd1+ 22. Rxd1 c5 23. Kb1 b4 24. Be5 f5 25. Rd6 Qe2 26. Rd2 Qe3 27. b3 g5
28. Bf6 Qe6 29. Bb2 g4 30. Ne5 Rxg7 31. Bd5 Qe7 32. Rd1 f4 33. Bc4 Kb7 34. Bd5+
Kc7 35. Nc4 Rg5 36. Bc1 Rf5 37. Bd2 f3 38. Re1 Qf6 39. Re6 f2 40. Ne3 f1=Q+ 41.
Nxf1 Rxf1+ 42. Bc1 Qf4 43. Rc6+ Kd7 0-1

[Event "XVI Weekend A"]
[Site "Nichelino ITA"]
[Date "2015.10.04"]
[Round "4"]
[White "D'Agostino, Maurizio"]
[Black "Alaimo, Cristian"]
[WhiteElo "1967"]
[BlackElo "1938"]
[Result "1/2-1/2"]
[PlyCount "60"]
[EventDate "2015.10.02"]

1. Nf3 d5 2. c4 c6 3. g3 Nf6 4. Bg2 Bg4 5. Ne5 Bf5 6. cxd5 cxd5 7. Qa4+ Nc6 8.
Nc3 Bd7 9. Nxd7 Qxd7 10. d4 e6 11. Bg5 Be7 12. O-O h6 13. Bxf6 Bxf6 14. Rfd1
O-O 15. e4 dxe4 16. d5 Ne5 17. Qxd7 Nxd7 18. dxe6 Nc5 19. exf7+ Kxf7 20. Nxe4
Nxe4 21. Bxe4 Bxb2 22. Rab1 Bf6 23. Rxb7+ Kg8 24. Rdd7 a5 25. h4 Rad8 26. Kg2
Rxd7 27. Rxd7 Rd8 28. Ra7 Bc3 29. g4 Rd2 30. Bg6 Rxf2+ 1/2-1/2

[Event "XVI Weekend A"]
[Site "Nichelino ITA"]
[Date "2015.10.04"]
[Round "4"]
[White "De Santis, Alessio"]
[Black "Gilevych, Artem"]
[WhiteElo "2303"]
[BlackElo "2410"]
[Result "1/2-1/2"]
[PlyCount "73"]
[EventDate "2015.10.02"]

1. b3 d5 2. Bb2 Bg4 3. g3 Nd7 4. h3 Bh5 5. Bg2 c6 6. Nf3 e6 7. O-O Ngf6 8. c4
Bd6 9. d3 O-O 10. Nbd2 e5 11. Qc2 Re8 12. e4 dxe4 13. dxe4 Qc7 14. Rfe1 Rad8
15. a3 a5 16. Bc3 Bxf3 17. Nxf3 c5 18. Nd2 Nb8 19. Nf1 Nc6 20. Ne3 Nd4 21. Qb2
b6 22. Qb1 Rb8 23. a4 Bf8 24. Ra2 g6 25. Rb2 h5 26. h4 Bh6 27. Bxd4 exd4 28.
Nd5 Qd6 29. Bh3 Rb7 30. Nxf6+ Qxf6 31. Qd3 Bf8 32. Rf1 Bd6 33. Rc2 Rbe7 34. Bg2
Rd8 35. Bh3 Ree8 36. Kg2 Qe7 37. Re1 1/2-1/2